00514nam a2200157Ia 4500008004100000041001200041082001100053100001500064245004300079260003300122300000800155650000700163942000700170999001700177952016200194221030s9999 xx 000 0 und d aEnglish a105.23 aT. H. Carr 0aElectric Power Stationscby T. H. Carr bChapman & HallaLondonc1960 a605 aEE cBK c10485d10485 pBE 12561l0o105.23 r2024-06-13 00:00:00w2022-10-30yBK003Print4070aMIETLIBbMIETLIBcBL-Academic Block B, FL-2, CUP-161, SH-6, R-6d2012-05-2910HBE